000 00406nam a2200145 i 4500
001 bg
100 1 _aSIKORSKI, W.
245 0 _aLaboratorium programowania w systemie interakcyjnym :
_bsystem RSX 11M rozszerzenia... /
_cW. Sikorski, R. Jurkiewicz.
260 _aWarszawa,
_c1987.
700 1 _aJURKIEWICZ, R.
040 _cBPK
041 _apol
942 _cKS
008 s pl f |000 0 pol
999 _c3561
_d3561
856 _uhttp://koha.tu.koszalin.pl/cgi-bin/koha/opac-detail.pl?biblionumber=3561
_yKatalog online BPK